000 00303nam a22001337a 4500
008 181023b xxu||||| |||| 00| 0 eng d
020 _a9780199766246
041 _aeng
080 _a941
100 _a17
101 _aHIS
245 _aLatin America and the Caribbean
_cClawson, D.L
942 _2udc
_cBK
999 _c50616
_d50616